000 00891nam a22002297a 4500
999 _c65676
_d65676
005 20240530110837.0
008 191124s2006 ua a f b 000 0 ara d
017 _a2007/13367
_bمصر. دار الكتب
020 _a9774373626
040 _aEG-CaGPL
_cEG-CaGPL
082 0 4 _221
_a913.031
_bق / م ح
110 0 _aالمجلس الاعلى للاثار
245 1 0 _aحوليات المجلس الاعلى للاثار /
_cالمجلس الاعلى للاثار
_nالمجل الثالث 2006
260 _aالقاهرة :
_bالمجلس الاعلى للاثار،
_c2006
300 _a264 ص. :
_bايض. ؛
_c26 سم.
504 _aيشمل على ارجاعات ببليوجرافية
650 0 7 _2qrmak
_aالاثار الفرعونية
650 0 7 _2الاثار اليونانية
651 _2qrmak
942 _2ddc
_cBK